Co to za zwierzak? #5 - Statystyki

Ogólne statystyki
  • Ten quiz został rozwiązany 36 razy
  • Średni wynik to 11 z 24
Statystyki odpowiedzi
Obrazkowy Hint Odpowiedź % Poprawnych
x madagaskarska Fanaloka
100%
x nilowy Kob
100%
x uszaty Stepojeż
100%
x oliwkowy Aguti
67%
x syberyjski Burunduk
67%
x rudy Drzewiak
67%
x skalny Góralek
67%
x lisia Kitanka
67%
x bury Nornik / Darniówka
67%
x mniejszy Rzęsorek
67%
x właściwy Sasebi
67%
inaczej Jeleń kanadyjski Wapiti
67%
x południowy Assapan
33%
(rasa kota), inaczej Manks długowłosy Cymric
33%
x irlandzki (rasa konia) Folblut
33%
x grenlandzka Lodofoka
33%
(rasa psa) inaczej Chart angielski Whippet
33%
(rasa konia) Breton
0%
x tybetański Dżereń
0%
x abisyński Kusu
0%
x centkowany Linzang
0%
x trójlistny Podkowiec
0%
x sawannowa Sitatunga
0%
x angolański Talapoin
0%
Nie znaleziono quizów pasujących do podanych kryteriów
Rozkład punktacji
Procent ludzi z każdym wynikiem
Percentyl według liczby udzielonych odpowiedzi
Twoja historia wyników
Nie rozwiązałeś tego quizu